000 00619cam a22002053a 4500
001 42393
003 PGUSA
005 20140828083948.0
008 130323s2013||||xxu|||||s|||||000 | eng d
040 _aPGUSA
_beng
042 _adc
100 1 _aWhyte-Melville, G. J.
_q(George John),
_d1821-1878
245 1 0 _aSarchedon :
_bA Legend of the Great Queen
_h[electronic resource] /
_cG. J. Whyte-Melville
260 _bProject Gutenberg,
_c2013
506 _aPublic domain in the USA.
516 _aElectronic text
830 0 _aProject Gutenberg
_v42393
856 4 0 _uhttp://www.gutenberg.org/ebooks/42393
942 _cEB
999 _c271645
_d271645